River and harbor improvements under the Corps of Engineers, U.S. Army : (Record no. 92168)

MARC details
000 -LEADER
fixed length control field 00877cam a22002411a 4500
001 - CONTROL NUMBER
control field war11000018
003 - CONTROL NUMBER IDENTIFIER
control field DLC
005 - DATE AND TIME OF LATEST TRANSACTION
control field 20260227112809.0
008 - FIXED-LENGTH DATA ELEMENTS--GENERAL INFORMATION
fixed length control field 851031q1911 nyu 000 0 eng c
010 ## - LIBRARY OF CONGRESS CONTROL NUMBER
LC control number war11000018
035 ## - SYSTEM CONTROL NUMBER
System control number (OCoLC)12744920
040 ## - CATALOGING SOURCE
Original cataloging agency U.S. Engineer School Libr.
Transcribing agency NWM
Modifying agency NWM
-- OCoLC
-- DLC
042 ## - AUTHENTICATION CODE
Authentication code premarc
050 00 - LIBRARY OF CONGRESS CALL NUMBER
Classification number HE393
Item number .B6
100 1# - MAIN ENTRY--PERSONAL NAME
Personal name Bixby, William Herbert,
Dates associated with a name 1849-1928.
245 10 - TITLE STATEMENT
Title River and harbor improvements under the Corps of Engineers, U.S. Army :
Remainder of title an address delivered before the National Rivers and Harbors Congress, held at Washington, D.C., December 8, 1910.
260 ## - PUBLICATION, DISTRIBUTION, ETC.
Place of publication, distribution, etc. [New York :
Name of publisher, distributor, etc. Engineering News Pub. Co. ;
Date of publication, distribution, etc. 1911?].
300 ## - PHYSICAL DESCRIPTION
Extent [6] p. ;
Dimensions 26 cm.
500 ## - GENERAL NOTE
General note Cover title.
650 #0 - SUBJECT ADDED ENTRY--TOPICAL TERM
Topical term or geographic name entry element Rivers
Geographic subdivision United States.
650 #0 - SUBJECT ADDED ENTRY--TOPICAL TERM
Topical term or geographic name entry element Harbors
Geographic subdivision United States.
650 #0 - SUBJECT ADDED ENTRY--TOPICAL TERM
Topical term or geographic name entry element Inland water transportation
Geographic subdivision United States.

No items available.

Powered by Koha